| 000 | 01629cam a2200421 a 4500 | ||
|---|---|---|---|
| 001 | 17161828 | ||
| 005 | 20170105102854.0 | ||
| 008 | 120213s2012 caub b 001 0 eng | ||
| 010 | _a 2012006363 | ||
| 020 | _a9780520262522 (cloth : alk. paper) | ||
| 020 | _a9780520262539 (pbk. : alk. paper) | ||
| 040 |
_aDLC _cDLC _dDLC |
||
| 042 | _apcc | ||
| 043 | _aa-is--- | ||
| 050 | 0 | 0 |
_aDS125 _b.S77 2012 |
| 082 | 0 | 0 |
_a956.94 _223 |
| 245 | 0 | 0 |
_aStruggle and survival in Palestine/Israel / _cedited by Mark LeVine and Gershon Shafir. |
| 260 |
_aBerkeley : _bUniversity of California Press, _cc2012. |
||
| 300 |
_axii, 459 p. : _bmap ; _c24 cm. |
||
| 504 | _aIncludes bibliographical references and index. | ||
| 650 | 0 |
_aCities and towns _zPalestine _xHistory. |
|
| 650 | 0 |
_aJews _zPalestine _xHistory _y19th century. |
|
| 650 | 0 |
_aJews _zPalestine _xHistory _y20th century. |
|
| 650 | 0 |
_aPalestinian Arabs _xHistory _y19th century. |
|
| 650 | 0 |
_aPalestinian Arabs _xHistory _y20th century. |
|
| 650 | 0 |
_aArab-Israeli conflict _xInfluence. |
|
| 651 | 0 |
_aPalestine _xHistory _y1799-1917. |
|
| 651 | 0 |
_aPalestine _xHistory _y1917-1948. |
|
| 651 | 0 |
_aPalestine _xSocial conditions _y19th century. |
|
| 651 | 0 |
_aPalestine _xEconomic conditions _y19th century. |
|
| 651 | 0 |
_aPalestine _xSocial conditions _y20th century. |
|
| 651 | 0 |
_aPalestine _xEconomic conditions _y20th century. |
|
| 700 | 1 |
_aLeVine, Mark, _d1966- |
|
| 700 | 1 | _aShafir, Gershon. | |
| 906 |
_a7 _bcbc _corignew _d1 _eecip _f20 _gy-gencatlg |
||
| 942 |
_2ddc _cBK |
||
| 999 |
_c14401 _d14401 |
||